| 000 | 00827nam a22002057a 4500 | ||
|---|---|---|---|
| 003 | JO-AjAnu | ||
| 005 | 20231202092809.0 | ||
| 008 | 231128b jo ||||| |||| 00| 0 ara d | ||
| 020 | _a9789923370759 | ||
| 040 |
_aJO-AjAnu _bARA _cJO-AjAnu |
||
| 050 |
_aHD1491 . _aZ633 _b2022 |
||
| 100 |
_aالزوبعي، عبدالله علي مضحي _964526 _eمؤلف |
||
| 245 | 0 |
_aاقتصاديات الانتاج الزراعي / _cعبدالله علي مضحي الزوبعي ؛ حسن ثامر زنزل السامرائي |
|
| 250 | _aالطبعة الاولى | ||
| 260 |
_aعمان : _bدار دجلة، _c2021 |
||
| 300 | _a198صفحة | ||
| 650 | 7 | 0 |
_aالانتاج الزراعي - الاقتصاد الزراعي _964529 |
| 700 |
_aالزوبعي، عبدالله علي مضحي _964526 _eمؤلف |
||
| 942 |
_2lcc _cBK _n0 |
||
| 999 |
_c33189 _d33189 |
||